000 00244nam a2200097Ia 4500
008 190216s9999||||xx |||||||||||||| ||und||
100 _aMurkoth Kumaran
245 0 _aKanakam Moolam
260 _b"Competition Review Pvt Ltd,Newdelhi"
942 _cBK
999 _c23667
_d23667